[Event "British Chess Championships 2023: U10 Championship"]
[Site "De Montfort University, 20 Western Boulevard, Leicester, LE2 7BU"]
[Date "2023.07.27"]
[Round "4"]
[Board "23"]
[White "Wen, Max"]
[Black "Calvert, William"]
[Result "1-0"]
[WhiteElo "890"]
[BlackElo "806"]
[PlyCount "0"]
[EventDate "2023.07.25"]
[EventRounds "7"]
[EventCountry "ENG"]

1. e4 e5 2. Nf3 Nc6 3. Bb5 Bc5 4. Nxe5 Nxe5 5. d4 Bb4+ 6. c3 Bxc3+ 7. Nxc3 Nc6 8.
Bf4 d6 9. d5 a6 10. Ba4 b5 11. dxc6 bxa4 12. Nxa4 Nf6 13. e5 Bg4 14. f3 dxe5 15.
Qxd8+ Rxd8 16. Bxe5 Bf5 17. O-O Bd3 18. Rfd1 O-O 19. Nc5 Rd5 20. Nxd3 Rfd8 21. Bxf6
gxf6 22. Nf2 R8d6 23. Rac1 Rd4 24. Kf1 Kg7 25. Ke2 Kg6 26. Ne4 Rd8 27. Nf2 Kf5 28.
Ke3 R4d6 29. g4+ Ke5 30. f4+ Ke6 31. Ke4 Rd2 32. Rxd2 Rxd2 33. f5+ Ke7 34. Nd1 Rxh2
35. a4 Re2+ 36. Kd3 Rg2 37. b4 Rxg4 38. b5 a5 39. b6 Kd8 40. b7 Rb4 41. Nc3 Rb3 42.
Rb1 Ke7 43. Rxb3 Kd6 44. b8=Q  1-0

[Event "British Chess Championships 2023: U10 Championship"]
[Site "De Montfort University, 20 Western Boulevard, Leicester, LE2 7BU"]
[Date "2023.07.28"]
[Round "5"]
[Board "1"]
[White "Kryshtafor, Maksym"]
[Black "Zhao, George"]
[Result "0-1"]
[WhiteElo "1858"]
[BlackElo "1907"]
[PlyCount "0"]
[EventDate "2023.07.25"]
[EventRounds "7"]
[EventCountry "ENG"]

1. e4 e6 2. d4 d5 3. exd5 exd5 4. Nf3 Bd6 5. Bd3 Ne7 6. O-O Bg4 7. Re1 Nbc6 8. c3
f6 9. h3 Bh5 10. Be3 Qd7 11. Nbd2 O-O-O 12. b4 g5 13. b5 Nb8 14. c4 dxc4 15. Nxc4
Bb4 16. b6 axb6 17. Rc1 Nbc6 18. Qa4 Kb8 19. Nxg5 fxg5 20. Bxg5 Rhg8 21. Bf4 Nd5
22. Ne5 Nxe5 23. Qxd7 Nxd7 24. Bxc7+ Nxc7 25. Re3 Bd2 26. Ree1 Bxc1 27. Rxc1 Nd5
28. Bxh7 Nf4 29. Bxg8 Ne2+ 30. Kh2 Nxc1 31. Bc4 Be2 32. Bxe2 Nxe2 33. g4 Nxd4 34.
f4 Rf8 35. a4 Rxf4 36. Kg3 Ne6 37. g5 Rxa4 38. h4 Ndf8 39. h5 Nxg5 40. h6 b5 41.
h7 Nfxh7 42. Kf2 Rc4 43. Ke3 Nf3 44. Kd3 Nd2 45. Ke2 b4 46. Kxd2 b3 47. Kd3 b2 48.
Kxc4 b1=Q 49. Kc3 Ng5 50. Kd4 Ne6+ 51. Ke5 Qb5+ 52. Ke4 Kc7 53. Ke3 Kd6 54. Ke4 Qb3
55. Kf5 Qf3+ 56. Kg6 Ke5 57. Kh6 Qh3+ 58. Kg6 Qf5+ 59. Kh6 Qg5+ 60. Kh7 Qg7#  0-1

[Event "British Chess Championships 2023: U10 Championship"]
[Site "De Montfort University, 20 Western Boulevard, Leicester, LE2 7BU"]
[Date "2023.07.28"]
[Round "5"]
[Board "2"]
[White "Veselow, Zoe"]
[Black "Pitel, Benedikt"]
[Result "1/2-1/2"]
[WhiteElo "1720"]
[BlackElo "1817"]
[PlyCount "0"]
[EventDate "2023.07.25"]
[EventRounds "7"]
[EventCountry "ENG"]

1. e4 c6 2. d4 d5 3. e5 c5 4. Nf3 Nc6 5. dxc5 Bg4 6. c3 e6 7. Be3 Nge7 8. Bd4 Qc7
9. Bb5 Ng6 10. Nbd2 Be7 11. h3 Bf5 12. Qe2 Nf4 13. Qf1 a6 14. Be2 O-O 15. g3 Ng6
16. g4 Be4 17. Nxe4 dxe4 18. Nd2 Ncxe5 19. Nxe4 Qc6 20. f3 f5 21. gxf5 Rxf5 22. O-O-O
Nd7 23. Bd3 Nf4 24. Bc2 Rff8 25. Qf2 Rac8 26. b4 a5 27. a3 Qa6 28. Bxg7 Kxg7 29.
Rxd7 Rf7 30. Qd4+ Kh6 31. Kb2 Qc6 32. h4 Nd5 33. Qd2+ Kg7 34. Qd4+  1/2-1/2

[Event "British Chess Championships 2023: U10 Championship"]
[Site "De Montfort University, 20 Western Boulevard, Leicester, LE2 7BU"]
[Date "2023.07.28"]
[Round "5"]
[Board "3"]
[White "Sasikumar, Srivathsan"]
[Black "Zhang, Lionel"]
[Result "1-0"]
[WhiteElo "1792"]
[BlackElo "1475"]
[PlyCount "0"]
[EventDate "2023.07.25"]
[EventRounds "7"]
[EventCountry "ENG"]

1. e4 c6 2. d4 d5 3. exd5 cxd5 4. c4 Nf6 5. Nc3 e6 6. c5 Be7 7. Nf3 O-O 8. Bd3 Nc6
9. a3 Bd7 10. O-O b6 11. b4 bxc5 12. bxc5 Na5 13. Bf4 Bc6 14. Ne5 Re8 15. Rb1 Qc8
16. Nxc6 Nxc6 17. Nb5 Rd8 18. Nc7 Rb8 19. Rxb8 Qxb8 20. Nxe6 Qc8 21. Nxd8 Qxd8 22.
Qa4 Qa8 23. Rb1 Kf8 24. Bb5 Nd8 25. Bd7 Nxd7 26. Qxd7 Qc6 27. Qxa7 Qe6 28. Qb8 Qe4
29. Bc7 Ke8 30. Bxd8 Bxd8 31. c6 Qe7 32. Qe5 Qxe5 33. dxe5 Bc7 34. Rd1 Bxe5 35. Re1
 1-0

[Event "British Chess Championships 2023: U10 Championship"]
[Site "De Montfort University, 20 Western Boulevard, Leicester, LE2 7BU"]
[Date "2023.07.28"]
[Round "5"]
[Board "4"]
[White "Zhang, Junyi"]
[Black "Kairat, Alexander"]
[Result "1-0"]
[WhiteElo "1686"]
[BlackElo "1619"]
[PlyCount "0"]
[EventDate "2023.07.25"]
[EventRounds "7"]
[EventCountry "ENG"]

1. e4 c5 2. Nc3 Nc6 3. f4 b6 4. Nf3 e6 5. Bb5 Bb7 6. Bxc6 Bxc6 7. O-O Bd6 8. d3 Ne7
9. Qe1 Bc7 10. Ne2 d5 11. e5 h6 12. d4 Bb5 13. Qf2 Nf5 14. Rd1 Rc8 15. g4 Nh4 16.
Nc3 Nxf3+ 17. Qxf3 Bc6 18. Be3 Qe7 19. Qf2 c4 20. Re1 b5 21. Nd1 a5 22. Bd2 Rb8 23.
Ne3 b4 24. f5 Kd7 25. Rf1 Rbf8 26. Qg2 Bb7 27. Rf2 Kc8 28. Raf1 Kd8 29. f6 gxf6 30.
Rxf6 Kc8 31. R1f4 Kb8 32. Qf2 Rh7 33. Ng2 Bb6 34. c3 bxc3 35. bxc3 Qd7 36. Rf3 Rg8
37. Rxf7 Rxf7 38. Rxf7 Qa4 39. Rxb7+ Kxb7 40. Qf7+ Ka6 41. Qxg8 Qxa2 42. Qc8+ Ka7
43. Be1 a4 44. Qxe6 a3 45. Qd7+ Ka6 46. Qc8+ Ka5 47. Qa8+ Kb5 48. e6 Qe2 49. Qxd5+
Ka4 50. Qd7+ Kb3 51. e7 a2 52. e8=Q Qxe8 53. Qxe8 Bxd4+ 54. cxd4 a1=Q 55. Qb5+ Kc2
56. Qxc4+ Kd1 57. Ne3+ Kxe1 58. Qf1+ Kd2 59. Qxa1  1-0

[Event "British Chess Championships 2023: U10 Championship"]
[Site "De Montfort University, 20 Western Boulevard, Leicester, LE2 7BU"]
[Date "2023.07.28"]
[Round "5"]
[Board "5"]
[White "Railwani, Tavish"]
[Black "Shankar, Yashwardhan"]
[Result "0-1"]
[WhiteElo "1636"]
[BlackElo "817"]
[PlyCount "0"]
[EventDate "2023.07.25"]
[EventRounds "7"]
[EventCountry "ENG"]

1. e4 c5 2. Nf3 d6 3. d4 cxd4 4. Nxd4 Nf6 5. Nc3 g6 6. f4 Nc6 7. Be3 Bg7 8. Be2 O-O
9. O-O Bd7 10. Qd2 a6 11. a4 Rc8 12. Nb3 Bg4 13. a5 Bxe2 14. Qxe2 e6 15. Bb6 Qe7
16. Rad1 Rfe8 17. Rfe1 Nd7 18. Be3 f5 19. Bd2 fxe4 20. Nxe4 d5 21. Nc3 Qf7 22. Rf1
Nf6 23. Kh1 Kh8 24. Qf3 Rcd8 25. Rfe1 e5 26. fxe5 Nxe5 27. Qf2 Qd7 28. Bg5 Neg4 29.
Qf4 Rf8 30. h3 Ne4 31. Qc1 Nxg5 32. hxg4 Qxg4 33. Rf1 Be5 34. g3 Qxg3 35. Qd2 Qh4+
36. Kg1 Nh3+ 37. Kg2 Qg3+ 38. Kh1 Nf2+ 39. Rxf2 Rxf2 40. Qxf2 Qxf2 41. Rd2 Qf4  0-1

[Event "British Chess Championships 2023: U10 Championship"]
[Site "De Montfort University, 20 Western Boulevard, Leicester, LE2 7BU"]
[Date "2023.07.28"]
[Round "5"]
[Board "6"]
[White "Ba, Amy"]
[Black "Keshari, Krish"]
[Result "0-1"]
[WhiteElo "1403"]
[BlackElo "1623"]
[PlyCount "0"]
[EventDate "2023.07.25"]
[EventRounds "7"]
[EventCountry "ENG"]

1. e4 e5 2. Nf3 Nc6 3. d4 exd4 4. Nxd4 Bc5 5. Be3 Qf6 6. c3 Nge7 7. Bc4 Ne5 8. Be2
Qg6 9. O-O d6 10. f3 O-O 11. Nd2 d5 12. Nc2 Bxe3+ 13. Nxe3 Qb6 14. Kf2 f5 15. f4
fxe4 16. g3 Nf5 17. Qb3 Qxe3+ 18. Ke1 Nd3+ 19. Kd1 Qd4 20. Kc2 Ne3+ 21. Kb1 Qb6 22.
Bxd3 Qxb3 23. Nxb3 exd3 24. Rf3 Bf5 25. Kc1 Nc2 26. Rb1 Rfe8 27. Rf1 Re2  0-1

[Event "British Chess Championships 2023: U10 Championship"]
[Site "De Montfort University, 20 Western Boulevard, Leicester, LE2 7BU"]
[Date "2023.07.28"]
[Round "5"]
[Board "7"]
[White "Shivakumar, Akshath"]
[Black "Sewart, Daniel"]
[Result "1-0"]
[WhiteElo "1664"]
[BlackElo "1374"]
[PlyCount "0"]
[EventDate "2023.07.25"]
[EventRounds "7"]
[EventCountry "ENG"]

1. d4 Nf6 2. c4 e5 3. dxe5 Ng4 4. Nf3 Bc5 5. e3 Nc6 6. h3 Ngxe5 7. Nc3 O-O 8. Be2
d6 9. O-O Be6 10. b3 Qe7 11. Bb2 a5 12. Nd5 Bxd5 13. cxd5 Nxf3+ 14. Bxf3 Ne5 15.
Rc1 f6 16. Bd4 Bxd4 17. exd4 Nxf3+ 18. Qxf3 Qd7 19. Rc2 Rfc8 20. Rfc1 a4 21. bxa4
Rxa4 22. Qb3 b5 23. Rc6 Qf5 24. Qxb5 Rxa2 25. Rf1 Qd7 26. Qd3 Ra5 27. Rfc1 Qf7 28.
Qf5 Re8 29. Rxc7 Qxd5 30. Qd7 Qf7  1-0

[Event "British Chess Championships 2023: U10 Championship"]
[Site "De Montfort University, 20 Western Boulevard, Leicester, LE2 7BU"]
[Date "2023.07.28"]
[Round "5"]
[Board "8"]
[White "Anjulan, Ashwin"]
[Black "Mittal, Advik"]
[Result "0-1"]
[WhiteElo "1466"]
[BlackElo "1544"]
[PlyCount "0"]
[EventDate "2023.07.25"]
[EventRounds "7"]
[EventCountry "ENG"]

1. e4 e5 2. Nf3 Nc6 3. d4 exd4 4. Nxd4 Bc5 5. Nb3 Bb6 6. Nc3 d6 7. Qe2 Be6 8. Be3
Nf6 9. f3 Qe7 10. h4 h5 11. O-O-O O-O-O 12. Nd5 Bxd5 13. Bxb6 Bxb3 14. Bxc7 Kxc7
15. axb3 d5 16. e5 Qxe5  0-1

[Event "British Chess Championships 2023: U10 Championship"]
[Site "De Montfort University, 20 Western Boulevard, Leicester, LE2 7BU"]
[Date "2023.07.28"]
[Round "5"]
[Board "9"]
[White "Katukuri, Aarav"]
[Black "Horwood, Alexander"]
[Result "1-0"]
[WhiteElo "1485"]
[BlackElo "1442"]
[PlyCount "0"]
[EventDate "2023.07.25"]
[EventRounds "7"]
[EventCountry "ENG"]

1. d4 Nf6 2. Bf4 g6 3. Nf3 Bg7 4. e3 O-O 5. Bd3 Nh5 6. Bg5 h6 7. Bh4 g5 8. Nxg5 hxg5
9. Qxh5 f5 10. Qxg5 c6 11. Qxe7 Qxe7 12. Bxe7 Re8 13. Bd6 f4 14. Kd2 Bh6 15. Bxf4
Bxf4 16. exf4 Rf8 17. g3 d5 18. Re1 Bg4 19. Nc3 Na6 20. Re5 Rf7 21. a3 Raf8 22. Rg5+
Rg7 23. Rxg7+ Kxg7 24. Re1 Nc7 25. Be2 Bxe2 26. Rxe2 a6 27. Re7+ Rf7 28. Rxf7+ Kxf7
29. f3 Ne6 30. Ke3 Kg6 31. g4 Kf6 32. h4 Kf7 33. f5 Ng7 34. Kf4 Ne8 35. Ke5 b5 36.
b4 Ke7 37. g5 Kf7 38. h5 Ke7 39. h6  1-0

[Event "British Chess Championships 2023: U10 Championship"]
[Site "De Montfort University, 20 Western Boulevard, Leicester, LE2 7BU"]
[Date "2023.07.28"]
[Round "5"]
[Board "10"]
[White "Saharkar, Sharvari"]
[Black "Hill, Callum"]
[Result "1-0"]
[WhiteElo "1420"]
[BlackElo "1150"]
[PlyCount "0"]
[EventDate "2023.07.25"]
[EventRounds "7"]
[EventCountry "ENG"]

1. e4 e5 2. Nf3 Nc6 3. Bc4 Bc5 4. c3 Nf6 5. d3 h6 6. Nbd2 a5 7. a4 O-O 8. h3 d6 9.
g4 Qe7 10. g5 hxg5 11. Nxg5 Be6 12. Bb3 Nh7 13. Nxh7 Kxh7 14. Qh5+ Kg8 15. Rg1 Qf6
16. Rg2 Ne7 17. Bd1 Ng6 18. Nf3 Bd7 19. Ng5 Rfe8 20. Nh7 Qe6 21. Bg4 Qe7 22. Bg5
Nf4 23. Bxf4 exf4 24. Bxd7 Red8 25. Qh6 g6 26. Ng5 Qxd7 27. Rg4 Qe8 28. Rh4 Bd4 29.
cxd4 Qf8 30. Qh8#  1-0

[Event "British Chess Championships 2023: U10 Championship"]
[Site "De Montfort University, 20 Western Boulevard, Leicester, LE2 7BU"]
[Date "2023.07.28"]
[Round "5"]
[Board "11"]
[White "Pugaciauskas, Dominic"]
[Black "Pitel, Dominik"]
[Result "1/2-1/2"]
[WhiteElo "1077"]
[BlackElo "1413"]
[PlyCount "0"]
[EventDate "2023.07.25"]
[EventRounds "7"]
[EventCountry "ENG"]

1. e4 e5 2. Nc3 Nf6 3. f4 d5 4. fxe5 Nxe4 5. Qf3 Nxc3 6. bxc3 Be6 7. d4 c5 8. Ne2
Nc6 9. Bf4 Qb6 10. Qe3 Be7 11. g3 Qb2 12. Qc1 Qxc1+ 13. Rxc1 cxd4 14. cxd4 Bd8 15.
Bg2 Bb6 16. Be3 Nxe5 17. Nf4 Nc4 18. Bf2 Rd8 19. O-O O-O 20. Rfe1 Rfe8 21. Nxd5 Bxd5
22. Rxe8+ Rxe8 23. Bxd5 Na5 24. Kg2 Rd8 25. c4 Nc6 26. Rd1 Nb4 27. Bxb7 Nxa2 28.
c5 Bc7 29. Ra1 Nc3 30. Rxa7 g6 31. Ra8 Rxa8 32. Bxa8 Nb5 33. Kf3 Bb8 34. Ke4 f6 35.
Kd3 Kf7 36. Kc4 Nc7 37. Bf3 Ke7 38. d5 Kd7 39. d6 Ne6 40. Bd5 Nd8 41. Bd4 Bxd6 42.
cxd6 Kxd6 43. Bxf6 Ne6 44. Kd3 Kxd5 45. Ke3 h5 46. Kf3 Kd6 47. g4 hxg4+ 48. Kxg4
Kd7 49. Kf3 Ke8 50. Ke4 Kf7 51. Ke5 Nf8 52. Bg5 Ne6 53. Be3 Nf8 54. h3 Ne6 55. Bh6
Nf8 56. Bxf8 Kxf8 57. Kf6 Kg8 58. Kxg6 Kh8  1/2-1/2

[Event "British Chess Championships 2023: U10 Championship"]
[Site "De Montfort University, 20 Western Boulevard, Leicester, LE2 7BU"]
[Date "2023.07.28"]
[Round "5"]
[Board "12"]
[White "Qin, Charlie"]
[Black "Helsby, Matthew"]
[Result "0-1"]
[WhiteElo "909"]
[BlackElo "1316"]
[PlyCount "0"]
[EventDate "2023.07.25"]
[EventRounds "7"]
[EventCountry "ENG"]

1. e4 c6 2. d4 d5 3. exd5 cxd5 4. Nc3 Nf6 5. Nge2 Nc6 6. g3 Bf5 7. Bg2 e6 8. Bg5
Be7 9. Nf4 O-O 10. O-O h6 11. Bxf6 Bxf6 12. Re1 Rc8 13. g4 Bh7 14. a3 Nxd4 15. Nd3
a6 16. Rc1 b5 17. b4 Rxc3 18. Ne5 Bxe5 19. Rxe5 Rxc2 20. Rxc2 Nxc2 21. Qc1 Qc7 22.
Re2 d4 23. Be4 Bxe4 24. Rxe4 d3 25. Rd4 Qc3 26. f4 Nxd4 27. Qxc3 Ne2+  0-1

[Event "British Chess Championships 2023: U10 Championship"]
[Site "De Montfort University, 20 Western Boulevard, Leicester, LE2 7BU"]
[Date "2023.07.28"]
[Round "5"]
[Board "13"]
[White "Nguyen, Lam Vy Le"]
[Black "Rao, Saachi"]
[Result "1-0"]
[WhiteElo "1244"]
[BlackElo "870"]
[PlyCount "0"]
[EventDate "2023.07.25"]
[EventRounds "7"]
[EventCountry "ENG"]

1. e4 c5 2. Nf3 d6 3. d4 cxd4 4. Nxd4 Nf6 5. Nc3 g6 6. Be3 Bg7 7. f3 O-O 8. Qd2 Bd7
9. O-O-O Nc6 10. Be2 e5 11. Ndb5 a6 12. Nxd6 Qc7 13. Nc4 b5 14. Nb6 Rad8 15. Nbd5
Be6 16. Nxc7 Rxd2 17. Rxd2 Bd7 18. Rhd1 Rd8 19. Nxa6 Ra8 20. Nc5 Bc8 21. Bxb5 Nb4
22. Rd8+ Bf8 23. a3 Kg7 24. axb4 Ra1+ 25. Kd2 Ra8 26. Ke2 Be7 27. R8d3 Ne8 28. Bxe8
Bxc5 29. Bxc5 Ba6 30. Bb5 Bb7 31. Rd7 Bc8 32. Rc7 Be6 33. Bd7 Bc4+ 34. Kf2 Ra2 35.
Nxa2  1-0

[Event "British Chess Championships 2023: U10 Championship"]
[Site "De Montfort University, 20 Western Boulevard, Leicester, LE2 7BU"]
[Date "2023.07.28"]
[Round "5"]
[Board "14"]
[White "Bednaya, Julia"]
[Black "Bedford, Rudi"]
[Result "1/2-1/2"]
[WhiteElo "1008"]
[BlackElo "1089"]
[PlyCount "0"]
[EventDate "2023.07.25"]
[EventRounds "7"]
[EventCountry "ENG"]

1. e4 e5 2. Nf3 Nc6 3. Bc4 Nf6 4. d3 d5 5. exd5 Nxd5 6. Bxd5 Qxd5 7. Nc3 Bb4 8. h3
Nd4 9. Bd2 Nxf3+ 10. Qxf3 Qxf3 11. gxf3 Be6 12. a3 Bc5 13. Ne4 Bb6 14. Rf1 Bxh3 15.
Rg1 O-O 16. Bh6 f5 17. Rxg7+ Kh8 18. Rg3 Rg8 19. Rxh3 Rg1+ 20. Ke2 Rxa1 21. Nf6 Rg1
22. Bf8 Rg7 23. Bxg7+ Kxg7 24. Nh5+ Kg6 25. Ng3 Rf8 26. c3 h6 27. Nf1 e4 28. f4 Re8
29. Ne3 c6 30. Kd2 Bc7 31. Ng2 Bb6 32. d4 c5  1/2-1/2

[Event "British Chess Championships 2023: U10 Championship"]
[Site "De Montfort University, 20 Western Boulevard, Leicester, LE2 7BU"]
[Date "2023.07.28"]
[Round "5"]
[Board "15"]
[White "Jha, Advay"]
[Black "Parikh, Aadhya"]
[Result "0-1"]
[WhiteElo "1328"]
[BlackElo "794"]
[PlyCount "0"]
[EventDate "2023.07.25"]
[EventRounds "7"]
[EventCountry "ENG"]

1. e4 e5 2. Nf3 Nc6 3. Bc4 Bc5 4. Nc3 Nf6 5. O-O O-O 6. d3 d6 7. h3 h6 8. Be3 Be6
9. Bxe6 fxe6 10. Bxc5 dxc5 11. Qd2 Nd4 12. Nxe5 Qd6 13. f4 Nc6 14. Nc4 Qd4+ 15. Kh1
Nh5 16. Ne2 Qd8 17. Rad1 Nd4 18. c3 Nxe2 19. Qxe2 Ng3+ 20. Kh2 Nxe2 21. Ne5 Nxf4
22. d4 cxd4 23. Rxd4 Qg5 24. Ng4 Ne2 25. Rd3 Rxf1 26. Rd7 Qf4+ 27. g3 Qxg3#  0-1

[Event "British Chess Championships 2023: U10 Championship"]
[Site "De Montfort University, 20 Western Boulevard, Leicester, LE2 7BU"]
[Date "2023.07.28"]
[Round "5"]
[Board "16"]
[White "Edwards, Laurence"]
[Black "Marsden, Oscar"]
[Result "1/2-1/2"]
[WhiteElo "1263"]
[BlackElo "1307"]
[PlyCount "0"]
[EventDate "2023.07.25"]
[EventRounds "7"]
[EventCountry "ENG"]

1. e4 e5 2. Nf3 Nc6 3. Nc3 Bc5 4. Nxe5 Nxe5 5. d4 Bxd4 6. Qxd4 f6 7. Bf4 Nc6 8. Qd2
Nge7 9. O-O-O d6 10. Bc4 Na5 11. Qd3 Nxc4 12. Qxc4 Ng6 13. Nb5 Nxf4 14. Nxc7+ Ke7
15. Nxa8 Ne6 16. Rd2 Rf8 17. Rhd1 b6 18. Qd5 Re8 19. Qxd6+ Qxd6 20. Rxd6 Rd8  1/2-1/2

[Event "British Chess Championships 2023: U10 Championship"]
[Site "De Montfort University, 20 Western Boulevard, Leicester, LE2 7BU"]
[Date "2023.07.28"]
[Round "5"]
[Board "17"]
[White "Sriram, Gautam"]
[Black "Gopikrishna, Ashwin"]
[Result "1-0"]
[WhiteElo "1305"]
[BlackElo "881"]
[PlyCount "0"]
[EventDate "2023.07.25"]
[EventRounds "7"]
[EventCountry "ENG"]

1. e4 c6 2. d4 d5 3. exd5 cxd5 4. Bd3 Nc6 5. c3 Nf6 6. Bf4 g6 7. Nf3 Bg7 8. O-O Qb6
9. Qc2 O-O 10. Nbd2 Bd7 11. Rfe1 e6 12. Nb3 Qd8 13. Bg5 Rc8 14. a3 h6 15. Bh4 g5
16. Bg3 Qe7 17. c4 b5 18. c5 Qe8 19. Bd6 Ne7 20. Na5 a6 21. Ne5 Nh5 22. g3 Bxe5 23.
Bxe5 f6 24. Bd6 f5 25. Re2 Rf7 26. Bxe7 Rxe7 27. Rae1 Kf7 28. Bxf5 Kf6 29. Bg4 Ng7
30. Re3 h5 31. Rf3+ Nf5 32. Bxf5 exf5 33. Rxe7 Qxe7 34. Qd3 Qe4 35. Qxe4 dxe4 36.
Rc3 Bc6 37. Nxc6 Rxc6 38. d5 Rc7 39. d6 Rc6 40. Kf1 Ke6 41. Rc2 Kd7 42. Ke2 Rc8 43.
Ke3 Kc6 44. Kd4 Re8 45. b4 g4 46. Ke3 Re5 47. Rd2 Re8 48. Kf4 Rf8 49. Ke5 Kd7 50.
c6+ Kxc6 51. Ke6 Rd8 52. Ke7 Rd7+ 53. Ke6 Rh7 54. d7 e3 55. fxe3 f4 56. d8=Q fxe3
57. Rd6+ Kb7 58. Qb6+ Kc8 59. Rd8#  1-0

[Event "British Chess Championships 2023: U10 Championship"]
[Site "De Montfort University, 20 Western Boulevard, Leicester, LE2 7BU"]
[Date "2023.07.28"]
[Round "5"]
[Board "18"]
[White "Saxena, Reyansh"]
[Black "Ahmad, Layth"]
[Result "1-0"]
[WhiteElo "1001"]
[BlackElo "920"]
[PlyCount "0"]
[EventDate "2023.07.25"]
[EventRounds "7"]
[EventCountry "ENG"]

1. e4 e5 2. Nf3 Nc6 3. Bb5 a6 4. Ba4 Nf6 5. O-O Bc5 6. Re1 d6 7. c3 Bg4 8. h3 h5
9. hxg4 Nxg4 10. d4 Bb6 11. Bg5 f6 12. Be3 h4 13. Nxh4 Rxh4 14. g3 Nxe3 15. Rxe3
Rh6 16. Qg4 exd4 17. cxd4 Bxd4 18. Rd3 Bxb2 19. Qxg7 Rh5 20. Qg6+ Kf8 21. Bb3 Ne5
22. Qxh5 Bxa1 23. Rd5 Qe8 24. Rxe5 Qxh5 25. Rxh5 Kg7 26. Bc2 Kg6 27. Rh4 Kg5 28.
f4+ Kg6 29. e5+ f5 30. exd6 cxd6 31. g4 Bd4+ 32. Kg2 Kf6 33. Bxf5 Re8 34. Rh6+ Kf7
35. Bg6+ Kg7 36. Bxe8 Kxh6 37. Bd7 Be3 38. Kf3 Bc5 39. Bc8 b6 40. Bxa6 d5 41. Nc3
d4 42. Ne4 Bb4 43. Nf6 Kg6 44. Nd7 Bc5 45. Nxc5 bxc5 46. Ke4 Kf6 47. Kd5 Ke7 48.
Kxc5 Ke6 49. Kxd4 Kd6 50. g5 Ke6 51. Bc4+ Kf5 52. a4 Kxf4 53. a5 Kxg5 54. a6 Kf4
55. a7 Kf3 56. a8=Q+ Kf2 57. Be2 Kg1 58. Bf1 Kxf1 59. Qf3+ Ke1 60. Qg2 Kd1 61. Qf2
Kc1 62. Qe2 Kb1 63. Qd2 Ka1 64. Kc3 Kb1 65. Qb2#  1-0

[Event "British Chess Championships 2023: U10 Championship"]
[Site "De Montfort University, 20 Western Boulevard, Leicester, LE2 7BU"]
[Date "2023.07.28"]
[Round "5"]
[Board "19"]
[White "Ragam, Aaryan"]
[Black "Patel, Parisa"]
[Result "1/2-1/2"]
[WhiteElo "1041"]
[BlackElo "873"]
[PlyCount "0"]
[EventDate "2023.07.25"]
[EventRounds "7"]
[EventCountry "ENG"]

1. d4 d5 2. Nf3 Nf6 3. Bf4 e6 4. e3 Bd6 5. Bg3 c5 6. c3 Qc7 7. Be2 Nbd7 8. Nbd2 b6
9. Qc2 Bb7 10. c4 cxd4 11. exd4 Bxg3 12. fxg3 b5 13. b3 O-O 14. Rc1 bxc4 15. bxc4
Rac8 16. O-O Rfe8 17. Bd3 Ba6 18. c5 Bxd3 19. Qxd3 e5  1/2-1/2

[Event "British Chess Championships 2023: U10 Championship"]
[Site "De Montfort University, 20 Western Boulevard, Leicester, LE2 7BU"]
[Date "2023.07.28"]
[Round "5"]
[Board "20"]
[White "Hu, Hector"]
[Black "Sarwar, Adam"]
[Result "1-0"]
[WhiteElo "1016"]
[BlackElo "854"]
[PlyCount "0"]
[EventDate "2023.07.25"]
[EventRounds "7"]
[EventCountry "ENG"]

1. d4 d5 2. Nf3 Nc6 3. Bf4 Nf6 4. e3 Bg4 5. h3 Bh5 6. c4 e6 7. c5 b6 8. Ba6 Rb8 9.
Bb5 Qd7 10. Qa4 Qd8 11. Bxc6+ Nd7 12. Bxd7+ Qxd7 13. Qxa7 Rc8 14. cxb6 cxb6 15. Qxd7+
Kxd7 16. g4 Bg6 17. O-O Rc2 18. Ne5+ Ke8 19. Nxg6 hxg6 20. Kh2 Rxb2 21. Nc3 Bb4 22.
Rac1 Ba3 23. Rb1 Rc2 24. Rxb6 Ke7 25. Rb3 Bb4 26. Rxb4 Rxc3 27. Bg5+ f6 28. Rb7+
Kd8 29. Rb8+ Rc8 30. Rxc8+ Kxc8 31. Bf4 Kd7 32. Ra1 Ra8 33. a3 Ke7 34. a4 Kd7 35.
a5 Kc8 36. a6 g5 37. Bg3 Ra7 38. f4 gxf4 39. Bxf4 Kd7 40. Kg3 g6 41. Bb8 Ra8 42.
a7 Ke7 43. Rc1 Kf7 44. Rc7+ Kg8 45. h4  1-0

[Event "British Chess Championships 2023: U10 Championship"]
[Site "De Montfort University, 20 Western Boulevard, Leicester, LE2 7BU"]
[Date "2023.07.28"]
[Round "5"]
[Board "21"]
[White "Mittal, Rutva"]
[Black "Wen, Max"]
[Result "0-1"]
[WhiteElo "623"]
[BlackElo "890"]
[PlyCount "0"]
[EventDate "2023.07.25"]
[EventRounds "7"]
[EventCountry "ENG"]

1. e4 e5 2. Nf3 Nc6 3. Bc4 Nf6 4. d3 d6 5. c3 Be6 6. Bb3 Bxb3 7. axb3 d5 8. exd5
Nxd5 9. d4 exd4 10. cxd4 Bb4+ 11. Nbd2 Qe7+ 12. Qe2 Qxe2+ 13. Kxe2 Nf4+ 14. Ke1 Nxg2+
15. Kf1 Nf4 16. Ne4 O-O-O 17. Bxf4 Nxd4 18. Nxd4 Rxd4 19. f3 Rhd8 20. Kg2 f5 21.
Rxa7 fxe4 22. Ra8+ Kd7 23. Rxd8+ Kxd8 24. fxe4 Rxe4 25. Rd1+ Kc8 26. Bg5 Re2+ 27.
Kf3 Re8 28. Rd4 Be7 29. Re4 Kd8 30. Rd4+ Kc8 31. Re4 Kd7 32. Bf4 Bd6 33. Bxd6 cxd6
34. Rb4 Rb8 35. h4 Rf8+ 36. Kg4 Kc7 37. Rc4+ Kb8 38. Re4 Rd8 39. Re7 d5 40. Rxg7
d4 41. h5 d3 42. Rf7 d2 43. Rf1 d1=Q+ 44. Rxd1 Rxd1 45. Kg5 Rh1 46. Kh6 Kc7 47. b4
Kb6 48. b3 Kb5 49. Kg7 Rxh5 50. Kh8 Kxb4 51. Kg8 Kxb3 52. Kh8 Rc5 53. Kxh7 b5 54.
Kg6 Kc4 55. Kf6 b4 56. Ke6 b3 57. Kd6 b2 58. Kd7 b1=R 59. Kd6 Rbb5 60. Kd7 Rb6 61.
Kd8 Rh5 62. Kc7 Rg6 63. Kd7 Rh7+ 64. Ke8 Rg8#  0-1

[Event "British Chess Championships 2023: U10 Championship"]
[Site "De Montfort University, 20 Western Boulevard, Leicester, LE2 7BU"]
[Date "2023.07.28"]
[Round "5"]
[Board "22"]
[White "Tang, Ayanna"]
[Black "Mehta, Zara"]
[Result "1/2-1/2"]
[WhiteElo "575"]
[BlackElo "990"]
[PlyCount "0"]
[EventDate "2023.07.25"]
[EventRounds "7"]
[EventCountry "ENG"]

1. e4 e5 2. Nf3 Nc6 3. Nc3 Nf6 4. Bc4 h6 5. h3 Bc5 6. a3 O-O 7. O-O b6 8. d3 Bb7
9. Qe2 Bd4 10. Nb5 a6 11. Nbxd4 Nxd4 12. Nxd4 exd4 13. e5 Nd5 14. Bxd5 Bxd5 15. c3
dxc3 16. bxc3 Re8 17. c4 Bb7 18. d4 Qh4 19. Be3 Qe4 20. f3 Qg6 21. Rab1 Qe6 22. Bf4
d6 23. Rfe1 f6 24. d5 Qe7 25. Bg3 dxe5 26. Qb2 Qc5+ 27. Bf2 Qxc4 28. Red1 Bxd5 29.
Qb4 Qxb4 30. Rxb4 Bc6 31. Rc4 Bb7 32. Rxc7 Bc8 33. Re1 b5 34. f4 e4 35. Bd4 Bf5 36.
g4 Bh7 37. h4 Rac8 38. Rxc8 Rxc8 39. f5 Re8 40. Bc5 g6 41. fxg6 Bxg6 42. a4 bxa4
43. Ra1 e3 44. Kf1 e2+ 45. Ke1 Re4 46. Ra2 Rxg4 47. Bf2 Re4 48. Rc2 Re8 49. Rc6 Rb8
50. Rxf6 Be8  1/2-1/2